000 00733nam a22002537a 4500
003 CHAP
005 20220329140800.0
008 971013s1989 r 00010 d
010 _a57507
011 _a58479
035 _a62634
040 _cCHAP
090 _aFolleto 14550
110 _aMéxico. Secretaría de la Reforma Agraria
_977197
245 _aLXXIV aniversario de la primera Ley Agraria
260 _aMéxico, D. F. :
_bLa Secretaría,
_c1989
300 _a29 p.
590 _aBATCH-UPD
_b10
_c20130110
_lUCH01
_h1752
590 _aCONVERSION
_b10
_c20130109
_lUCH01
_h1331
650 1 4 _aReforma agraria
_xLeyes.
_995561
901 _aBK
942 _cFOLL
949 _aFolleto 14550
_bBC
_cFOLL
_d-134195
_eTS1
_i62634
_si
999 _c57507
_d57507